000 00808nam a2200217Ia 4500
999 _c40241
_d40241
001 6849
003 GE_BSU
005 20200120161817.0
008 181216s1959||||ge |||||||||||||| ||geo||
040 _cGE_BSU
041 _ageo
080 _a82-93 გ-61
100 _aგოგოლაშვილი, ელენე.
_96258
245 _aძმები :
_bმოთხრობა /
_cელენე გოგოლაშვილი ; რედ. ე. ქარელიშვილი.
264 _aთბილისი :
_bსაბლიტგამი,
_c1959.
300 _a262 გვ. :
_bილ. ;
_c21 სმ.
653 _aმოთხრობა
653 _aძმები
700 _aქარელიშვილი, ე.
_eრედაქტორი
_96259
942 _cBK
_2udc